00909nam a22002531 45000010005000000030008000050050017000130080039000300350018000690400032000870410008001190820023001271000029001502450137001792600103003163000039004195040030004585040020004886500041005086510034005496510025005837000021006087000026006297327BD-RjUL20211208234411.0140113s1968 at a b 001 0 eng a(BD-RjUL)7370 aDLCcDLCdDLCdBD-RjULbeng aeng00a382.0994bCRA 19681 aCrawford, John Grenfell,10aAustralian trade policy 1942-1966 :ba documentary history /cby J. G. Crawford assisted by Nancy Anderson and Margery G. N. Morris. aCanberra :bAustralian National University Press,aToronto :bUniversity of Toronto Press,cc1968. axxvii, 641 p. :btables. ;c25 cm. aBibliography: p. 621-629. aIncludes Index. 0aForeign trade regulationzAustralia. 0aAustraliaxCommercial policy. 0aAustraliaxCommerce.1 aAnderson, Nancy.1 aMorris, Margery G. N.